000 00502nam a2200193Ia 4500
003 OSt
005 20200903115225.0
008 190216s9999||||xx |||||||||||||| ||und||
020 _a9788121905992
040 _coclc
082 _a531
_bMAT/M
100 _aMathur, D S
_9421
245 0 _aMechanics /
_cD S Mathur
250 _a2nd Ed.
260 _bS Chand & Company,
_c1988.
_aNew Delhi:
300 _a818p
650 _aPhysics
942 _cBK
_2ddc
_h531
_iMAT/M
_k531
_mMAT/M
999 _c33137
_d33137